Statistics for Kelsea Ballerini Charting Songs (Billboard Hot 100)

Click here to take the quiz!

General Stats

  • This quiz has been taken 70 times
    (47 since last reset)
  • The average score is 6 of 11

Answer Stats

AlbumWeeks OnPeakArtist(s)Song% Correct
Kelsea20 Weeks#53Kelsea Ballerini ft. Kenny ChesneyHalf of My Hometown
83%
The First Time20 Weeks#35Kelsea BalleriniPeter Pan
83%
The First Time17 Weeks#58Kelsea BalleriniDibs
69%
The First Time18 Weeks#45Kelsea BalleriniLove Me Like You Mean It
59%
Kelsea1 Week#95Kelsea Ballerini x Halseythe other girl
59%
Sick Boy20 Weeks#50The Chainsmokers ft. Kelsea BalleriniThis Feeling
55%
The First Time13 Weeks#65Kelsea BalleriniYeah Boy
55%
Kelsea20 Weeks#39Kelsea Ballerinihole in the bottle
52%
Kelsea13 Weeks#65Kelsea Ballerinihomecoming queen?
52%
Unapologetically20 Weeks#47Kelsea BalleriniMiss Me More
45%
Unapologetically12 Weeks#68Kelsea BalleriniLegends
38%

Score Distribution

Percentile by Number Answered

Percent of People with Each Score

Your Score History

You have not taken this quiz since the last reset